000 00694nam a2200289Ia 4500
005 20260324115215.0
008 008 260324s9999 xx 000 0 eng d
020 _a9780429131011
037 _aEBOOK
040 _aCRL
040 _beng
040 _cCRL
041 _2eng
041 _aeng
084 _qCRL
100 _aJane Wang; Dong Zhu
_91153773
245 0 _aInterfacial Mechanics
245 0 _bTheories and Methods for Contact and Lubrication
260 _bTaylor and Francis
260 _c2019
365 _a
365 _b400
856 _uhttp://www.taylorfrancis.com/books/9780429131011
942 _cEBOOK
999 _c1744490
_d1744490